Спектрофотометрический анализ неразделенных смесей (лекарственных и витаминных препаратов) с применением хемометрических алгоритмов: автореферат диссертации на соискание ученой степени доктора химических наук; спец. 02.00.02

Dades bibliogràfiques
Autor principal: Власова И. В. Ирина Васильевна
Autor corporatiu: Омский государственный университет им. Ф. М. Достоевского (ОмГУ)
Altres autors: Вершинин В. И. Вячеслав Исаакович (научный консультант)
Sumari:Заглавие с титульного экрана
Электронная версия печатной публикации
Idioma:rus
Publicat: Томск, 2011
Matèries:
Accés en línia:http://www.lib.tpu.ru/fulltext/a/2011/19.pdf
Format: Electrònic Llibre
KOHA link:https://koha.lib.tpu.ru/cgi-bin/koha/opac-detail.pl?biblionumber=194941

MARC

LEADER 00000nlm0a2200000 4500
001 194941
005 20231101224604.0
035 |a (RuTPU)RU\TPU\book\212618 
035 |a RU\TPU\book\212616 
090 |a 194941 
100 |a 20110427d2011 k y0rusy50 ca 
101 0 |a rus 
102 |a RU 
105 |a a dm 000zy 
135 |a drgn ---uucaa 
181 0 |a i  
182 0 |a b 
200 1 |a Спектрофотометрический анализ неразделенных смесей (лекарственных и витаминных препаратов) с применением хемометрических алгоритмов  |b Электронный ресурс  |e автореферат диссертации на соискание ученой степени доктора химических наук  |e спец. 02.00.02  |f И. В. Власова  |g Омский государственный университет им. Ф. М. Достоевского (ОмГУ) ; науч. конс. В. И. Вершинин 
203 |a Текст  |c электронный 
210 |a Томск  |d 2011 
215 |a 1 файл (1.3 Mb) 
230 |a Электронные текстовые данные (1 файл : 1.3 Mb) 
300 |a Заглавие с титульного экрана 
300 |a Электронная версия печатной публикации 
337 |a Adobe Reader 
452 1 |0 (RuTPU)RU\TPU\book\215965  |t Спектрофотометрический анализ неразделенных смесей (лекарственных и витаминных препаратов) с применением хемометрических алгоритмов  |o автореферат диссертации на соискание ученой степени доктора химических наук  |o спец. 02.00.02  |f И. В. Власова  |g Омский государственный университет им. Ф. М. Достоевского (ОмГУ) ; науч. конс. В. И. Вершинин  |c Томск  |d 2011  |p 51 с.  |a Власова, Ирина Васильевна 
606 |a Спектрофотометрический анализ  |2 stltpush  |3 (RuTPU)RU\TPU\subj\55821  |9 73779 
610 1 |a электронный ресурс 
610 1 |a авторефераты диссертаций 
610 1 |a органические вещества 
610 1 |a смеси 
610 1 |a анализ 
610 1 |a спектрофотометрические методы 
610 1 |a метод Фирордта 
610 1 |a множественная линейная регрессия 
610 1 |a использование 
610 1 |a латентные структуры 
610 1 |a метод проекций 
610 1 |a лекарственные препараты 
610 1 |a примеси 
675 |a 543.42(04)  |v 3 
686 |a 02.00.02  |2 oksvnk 
700 1 |a Власова  |b И. В.  |g Ирина Васильевна 
702 1 |a Вершинин  |b В. И.  |g Вячеслав Исаакович  |4 695 
712 0 2 |a Омский государственный университет им. Ф. М. Достоевского (ОмГУ)  |2 stltpush  |3 (RuTPU)RU\TPU\col\403 
801 2 |a RU  |b 63413507  |c 20151116  |g RCR 
856 4 |u http://www.lib.tpu.ru/fulltext/a/2011/19.pdf 
942 |c CF